Māori articles - Statistics

General Stats
  • This quiz has been taken 15 times
  • The average score is 9 of 11
Answer Stats
Hint Answer % Correct
Te (the) Ngā
100%
Tā (The...of) Ā
82%
A (Before Name) A
82%
Taua (That Aua
82%
Tēhea (Which one) Ēhea
82%
Tēnā (That one) Ēnā
82%
Tēnei (This) Ēnei
82%
Tērā (Yonder) Ērā
82%
Tētahi (A certain) Ētahi
82%
Tō (The ... of/from) Ō
82%
He (A, some) He
73%
No matching quizzes found
Score Distribution
Percent of People with Each Score
Percentile by Number Answered
Your Score History
You have not taken this quiz